000 01120naa a22003137a 4500
001 BR8400172
003 BR-BrBNA
005 20240918175410.0
007 ta
008 230509b bl.||||| |||| 00| 0 por d
040 _aBR-BrBNA
_bpor
_cBiblioteca Nacional de Agricultura
041 _a(Pt)
072 _aH60
_b0336
_b3876
090 _aH60 BR8400172
100 1 _aXavier, F.E.
100 1 _aPinto, J.J.O.
100 1 _aBrauner, G.L.
245 1 _aReducao da dose de herbicidas utilizados em soja em funcao da variacao de espacamento [Glycine max]
246 1 _a[Reduction of herbicide doses used in soybean regarding spacing variation [Glycine max]]
246 1 _a[Soybean research findings 1981/82]
260 3 _aPelotas, RS (Brasil):
_c1983.
500 _aResultados de pesquisa de soja 1981/82 Pelotas, RS (Brasil): 1983. p. 194-196 (BR8400172-AM)H60
650 _aSOJA
650 _aHERBICIDA
650 _aESPACAMENTO
773 0 _tResultados de pesquisa de soja 1981/82
_wH60 BR8400172
_gPelotas, RS (Brasil), 1983. p. 194-196
909 _a202404
_bLucia
_c55
_dLucia Elande
942 _cAM
_2AGRIS
999 _c316506
_d316506